| 000 | 00688nam a2200241Ia 4500 | ||
|---|---|---|---|
| 003 | OSt | ||
| 005 | 20220925215313.0 | ||
| 006 | a|||||r|||| 00| 0 | ||
| 007 | ta | ||
| 008 | 220923b |||||||| |||| 00| 0 eng d | ||
| 037 | _cGeneral Book | ||
| 040 |
_aRTL _cRTL _beng |
||
| 041 |
_2eng _aeng |
||
| 082 | _aX:8, M1 | ||
| 100 |
_aWilliamson R J _9282532 |
||
| 245 | 0 | _aBusiness oranization | |
| 260 |
_aLondon _bHeinemann UK _c1981 |
||
| 300 |
_axi, 273p. Bib 261-67 _ccm. |
||
| 490 | _a(Institute of marketing and the C A M foundation publication) | ||
| 650 |
_aManagement _930681 |
||
| 942 |
_hX:8, M1 _cGB _2CC |
||
| 999 |
_c568427 _d568427 |
||